00610nam a2200181 i 450000100060000000300090000600500170001500700030003200800410003510000230007624500450009926001130014430000220025749000440027970000400032383000440036385200210040790136ES-MaACL20230906180348.0t|050118s1935 fr ||||1| fre d1 aLefevre, Raymonde.13aLe mariage de Loti / cRaymonde Lefevre. aParis : bSociété Française de Editions Litteraires et Techniques,c1935 (eAbbeville : fF. Paillart) a151 p. ; c19 cm.1 aLes Grands événements littéraires1 aLoti, Pierre. tLe mariage de Loti.0 aLes Grands événements littéraires aES-MaACLjB-8692